| 000 | 02661 a2200253 4500 | ||
|---|---|---|---|
| 003 | UA-OsUOA | ||
| 005 | 20231123115747.0 | ||
| 008 | 231123b un ||||| |||| 00| 0 ukr d | ||
| 020 | _a5923304252 | ||
| 040 |
_aUA-OsUOA _brus _cUA-OsUOA _dUA-OsUOA |
||
| 041 | _arus | ||
| 080 | _a316.62:159.923 | ||
| 090 |
_a316.62:159.923 _bГ78 |
||
| 100 | _aГрачев Г. | ||
| 245 |
_aЛичность и общество: информационно-психологическая безопасность и психологическая защита _cГеоргий Грачев |
||
| 250 | _a2-е изд., испр. и доп. | ||
| 260 |
_aВолгоград _bИздатель _c2004 |
||
| 300 | _a336 с. | ||
| 520 | _aВ книге рассматриваются вопросы обеспечения информационно-психологической безопасности личности и общества, формирования системы психологической защиты. Комплексно исследуется проблема манипулирования людьми с использованием различных средств, способов и технологий информационно-психологического воздействия, ставшего достаточно массовым явлением в повседневной жизни, экономической конкуренции и политической борьбе и представляющего основную угрозу информационно-психологической безопасности личности и обществу в современных условиях. Автором раскрываются содержание и структура психологической защиты личности и общества, выделяется такой ее компонент, как психологическая самозащита человека, даются конкретные алгоритмы и рекомендации. Для специалистов в области гуманитарных дисциплин и всех тех, кто интересуется вопросами информационно-психологической безопасности и психологической защиты. | ||
| 650 |
_2UDC _a316.6 Соціальна психологія |
||
| 942 |
_cBK _2udc |
||
| 955 | _a1 | ||
| 999 |
_c575428 _d575428 |
||